Lokálna moc v transformácii spoločnosti

Príspevok z vedeckého medzinárodného seminára na tému lokálnej moci. Prípadová štúdia k práci o komunálnych voľbách z obce Sľažany v Západoslovenskom kraji.

Salvato in:
Dettagli Bibliografici
Autore principale: Brhlíková, Ľ.
Natura: Capitolo di libro
Lingua:slovacco
Soggetti:
Tags: Aggiungi Tag
Nessun Tag, puoi essere il primo ad aggiungerne!!

MARC

LEADER 00000naa a2200000 4500
001 r019196
005 20221213101330.9
041 0 |a slo 
044 |a SK 
245 1 0 |a Lokálna moc v transformácii spoločnosti  |c Ľ. Brhlíková 
520 |a Príspevok z vedeckého medzinárodného seminára na tému lokálnej moci. Prípadová štúdia k práci o komunálnych voľbách z obce Sľažany v Západoslovenskom kraji. 
610 2 0 |a politika komunálna 
610 2 0 |a správa miestna 
610 2 0 |a voľby 
610 2 0 |a Sľažany 
610 2 0 |a štúdie prípadové 
610 2 0 |a obce 
100 1 |a Brhlíková, Ľ.